| 000 | 00000nas##2200000za#4500 |
|---|---|
| 001 | 9.513226 |
| 003 | CaOODSP |
| 005 | 20200804090714 |
| 007 | ta |
| 008 | 150406c1992||||xxc|| m #||||f| |0fre|d |
| 040 | |aCaOODSP|bfre |
| 043 | |an-cn--- |
| 086 | 1 |aSA2-129F |
| 110 | 2 |aArchives nationales du Canada. |
| 245 | 10|aLes documents de notre histoire |
| 260 | |aOttawa - Ontario : |bArchives nationales du Canada |c1992?. |
| 563 | |aCouverture souple |
| 775 | 08|tRecords of our history |w(CaOODSP)9.514891 |
| 776 | 0#|tLes documents de notre histoire |w(CaOODSP)9.504264 |